<?xml version="1.0" encoding="UTF-8"?>
<record
    xmlns:xsi="http://www.w3.org/2001/XMLSchema-instance"
    xsi:schemaLocation="http://www.loc.gov/MARC21/slim http://www.loc.gov/standards/marcxml/schema/MARC21slim.xsd"
    xmlns="http://www.loc.gov/MARC21/slim">

  <leader>00584nam a22002051c 4500</leader>
  <controlfield tag="001">a987657612</controlfield>
  <controlfield tag="008">070706s2007    gw ||||        000u rus d</controlfield>
  <datafield tag="041" ind1=" " ind2=" ">
    <subfield code="a">rus</subfield>
  </datafield>
  <datafield tag="100" ind1="1" ind2=" ">
    <subfield code="a">Leva&#x161;ov, Viktor K.</subfield>
  </datafield>
  <datafield tag="245" ind1="0" ind2="0">
    <subfield code="a">Sociologi&#x10D;eskaja dinamika rossijskogo ob&#x161;&#x10D;estva (2000-2006)</subfield>
  </datafield>
  <datafield tag="264" ind1=" " ind2=" ">
    <subfield code="a">Moskva :</subfield>
    <subfield code="b">Academia,</subfield>
    <subfield code="c">2007</subfield>
  </datafield>
  <datafield tag="300" ind1=" " ind2=" ">
    <subfield code="a">514 S.</subfield>
  </datafield>
  <datafield tag="650" ind1=" " ind2="0">
    <subfield code="a">Gesellschaft</subfield>
  </datafield>
  <datafield tag="651" ind1=" " ind2="0">
    <subfield code="a">Russland</subfield>
  </datafield>
  <datafield tag="710" ind1="2" ind2=" ">
    <subfield code="a">RAN ; Institut sozial'no-politi&#x10D;eskich issledovanij</subfield>
  </datafield>
  <datafield tag="942" ind1=" " ind2=" ">
    <subfield code="c">MG</subfield>
  </datafield>
  <datafield tag="040" ind1=" " ind2=" ">
    <subfield code="c">RU-10907106</subfield>
  </datafield>
  <controlfield tag="003">RU-10907106</controlfield>
  <datafield tag="999" ind1=" " ind2=" ">
    <subfield code="c">10242</subfield>
    <subfield code="d">10242</subfield>
  </datafield>
  <datafield tag="490" ind1=" " ind2="0">
    <subfield code="a">Monogafi&#x10D;eskie issledovanija: soziologija</subfield>
  </datafield>
  <datafield tag="952" ind1=" " ind2=" ">
    <subfield code="0">0</subfield>
    <subfield code="1">0</subfield>
    <subfield code="2">z</subfield>
    <subfield code="4">0</subfield>
    <subfield code="7">0</subfield>
    <subfield code="a">DHIM</subfield>
    <subfield code="b">DHIM</subfield>
    <subfield code="c">GEN-2</subfield>
    <subfield code="d">2007-07-06</subfield>
    <subfield code="i">07-03936</subfield>
    <subfield code="o">R 72 f Lev 2</subfield>
    <subfield code="p">E0040150790E6D53</subfield>
    <subfield code="r">2021-02-23 00:00:00</subfield>
    <subfield code="w">2021-03-22</subfield>
    <subfield code="y">MG</subfield>
  </datafield>
</record>
